000 00670nam a2200217Ia 4500
001 17524
003 GE_BSU
008 181216s||||||||xx |||||||||||||| ||und||
040 _cGE_BSU
080 _a821.353.1-1
100 _aლორთქიფანიძე,ზურაბ
245 _aსამშობლოს დილა
245 _bლექსები
245 _cრედ.:რ.ორჯონიკიძე; მხატვ.:ო.ჯოშკარიანი
260 _aთბილისი
260 _bნაკადული
260 _c1961
300 _a92გვ. ; 17სმ.
653 _aლექსები
942 _cBK
999 _c50574
_d50574